书目信息 |
| 题名: |
现代管理心理学
|
|
| 作者: | 程正方 编著 | |
| 分册: | ||
| 出版信息: | 北京 北京师范大学出版社 1991 |
|
| 页数: | 522页 | |
| 开本: | 20cm | |
| 丛书名: | ||
| 单 册: | ||
| 中图分类: | B849:C93 , C93 , B849 | |
| 科图分类: | ||
| 主题词: | 管理心理学--高等学校--教材 | |
| 电子资源: | ||
| ISBN: | 7-303-01107-2 | |
| 000 | 00721nam0 2200253 45 | |
| 001 | 1533949033 | |
| 005 | 20150128111300.31 | |
| 009 | TLS9401704 | |
| 010 | @a7-303-01107-2@dCNY8.35 | |
| 100 | @a19940505d1991 em y0chiy0120 ea | |
| 101 | 0 | @achi |
| 102 | @aCN@b110000 | |
| 105 | @aak a 000yy | |
| 200 | 1 | @a现代管理心理学@AXian Dai Guan Li Xin Li Xue@f程正方编著@FCheng Zheng Fang Bian Zhu |
| 210 | @a北京@c北京师范大学出版社@d1991 | |
| 215 | @a522页@c图@d20cm | |
| 320 | @a书目: 第519-522页。 | |
| 606 | @a管理心理学@x高等学校@x教材 | |
| 690 | @aB849:C93@v3 | |
| 690 | @aC93@v3 | |
| 690 | @aB849@v4 | |
| 701 | 0 | @a程正方@ACheng Zheng Fang@4编著 |
| 801 | 0 | @aCN@bTSSF@c20150128 |
| 905 | @aZUCC@dB849@eJY9 | |
| 现代管理心理学/程正方编著.-北京:北京师范大学出版社,1991 |
| 522页:图;20cm |
| ISBN 7-303-01107-2:CNY8.35 |
| ● |
| 相关链接 |
|
|
|
|
正题名:现代管理心理学
索取号:B849/JY9
 
预约/预借
| 序号 | 登录号 | 条形码 | 馆藏地/架位号 | 状态 | 备注 |
| 1 | 7845985 | 278459856 | 学院路分馆/ [索取号:B849/JY9] | 在馆 |